Návrh mechanizovaného spájkovania medených výparníkov : Diplomová práca

Na minha lista:
Detalhes bibliográficos
Autor principal: Stuparič, Martin (Author)
Outros Autores: Ruža, Viliam (xxx)
Formato: Manuscrito Livro
Idioma:eslovaco
Publicado em: Trnava : STU v Bratislave MtF KZZPM, 1990
Assuntos:
Tags: Adicionar Tag
Sem tags, seja o primeiro a adicionar uma tag!

MARC

LEADER 00000ntm a22000003a 4500
001 stu80640
005 20160719154950.6
008 030528s1990----xo------------------slo-d
040 |a STU  |b slo 
041 0 |a slo 
044 |a xo 
100 1 |a Stuparič, Martin  |4 aut 
245 1 |a Návrh mechanizovaného spájkovania medených výparníkov :  |b Diplomová práca 
260 |a Trnava :  |b STU v Bratislave MtF KZZPM,  |c 1990 
300 |a 40 s  |c abstr. + príl. 
650 7 |a mechanizované spájkovanie  |2 stusub 
650 7 |a medené výparníky  |2 stusub 
650 7 |a strojárske technológie  |2 stusub 
700 1 |a Ruža, Viliam  |4 xxx 
996 |b 284M042159  |c M*DP-2159  |l MMSKP  |s P  |a 0  |w stu80640_0001